[Event "SR 2. liga A 2014/2015"]
[Site "?"]
[Date "2014.10.12"]
[Round "2.3"]
[White "Karas, Marek"]
[Black "Rohacek, Miroslav"]
[Result "1/2-1/2"]
[WhiteElo "2170"]
[BlackElo "2272"]
[PlyCount "55"]
[EventDate "2014.??.??"]

1. d4 f5 2. c4 Nf6 3. Nf3 g6 4. g3 Bg7 5. Bg2 O-O 6. O-O d6 7. Nc3 Qe8 8. d5
Na6 9. Nd4 Bd7 10. Re1 c6 11. Rb1 Nc7 12. e4 fxe4 13. dxc6 bxc6 14. Nxe4 Nxe4
15. Bxe4 d5 16. cxd5 cxd5 17. Bg2 e5 18. f4 e4 19. Be3 Ne6 20. Nxe6 Bxe6 21.
Bd4 Qe7 22. Qd2 Rab8 23. b4 Bxd4+ 24. Qxd4 Rfc8 25. Qe5 Kf7 26. a3 Qf6 27.
Qxf6+ Kxf6 28. Rbc1 1/2-1/2

[Event "SR 2. liga A 2014/2015"]
[Site "?"]
[Date "2014.10.12"]
[Round "2.3"]
[White "Kimerling, Martin"]
[Black "Petrik, Stanislav"]
[Result "0-1"]
[WhiteElo "2157"]
[BlackElo "2147"]
[PlyCount "72"]
[EventDate "2014.??.??"]

1. d4 Nf6 2. c4 e6 3. Nc3 Bb4 4. a3 Bxc3+ 5. bxc3 c5 6. e3 d6 7. Bd3 Nc6 8. Ne2
e5 9. d5 Ne7 10. e4 h6 11. O-O g5 12. Ng3 Ng6 13. Nf5 Bxf5 14. exf5 Nf4 15. Bc2
Qe7 16. g3 Nh3+ 17. Kg2 g4 18. Ba4+ Kd8 19. Rb1 Rb8 20. Be3 e4 21. Qd2 Qe5 22.
Bd1 Qxf5 23. Rb5 h5 24. Qb2 Kc7 25. Be2 h4 26. Rb1 b6 27. a4 hxg3 28. fxg3 Qh5
29. a5 Nd7 30. axb6+ axb6 31. Ra1 Ng5 32. Ra7+ Rb7 33. Rxb7+ Kxb7 34. Bg1 Nf3
35. Bd1 Qh3+ 36. Kf2 e3+ 0-1

[Event "SR 2. liga A 2014/2015"]
[Site "?"]
[Date "2014.10.12"]
[Round "2.3"]
[White "Danada, Tomas"]
[Black "Sahidi, Samir"]
[Result "1/2-1/2"]
[WhiteElo "2118"]
[BlackElo "2026"]
[PlyCount "59"]
[EventDate "2014.??.??"]

1. d4 Nf6 2. Bg5 Ne4 3. Bh4 g5 4. f3 gxh4 5. fxe4 c5 6. Nc3 cxd4 7. Qxd4 Rg8 8.
Nf3 Nc6 9. Qd2 d6 10. O-O-O Qa5 11. Kb1 Be6 12. Nd5 Qxd2 13. Rxd2 O-O-O 14.
Nxh4 Rg4 15. g3 Rxe4 16. Nc3 Re5 17. Bg2 Bh6 18. Rdd1 d5 19. Nf3 Rh5 20. Nb5 a6
21. Nbd4 Nxd4 22. Rxd4 Be3 23. Rh4 Rxh4 24. Nxh4 Kc7 25. Rf1 Bg5 26. Nf5 Bf6
27. c3 Bxf5+ 28. Rxf5 d4 29. cxd4 Rxd4 30. Rd5 1/2-1/2

[Event "SR 2. liga A 2014/2015"]
[Site "?"]
[Date "2014.10.12"]
[Round "2.3"]
[White "Sklars, Tomas"]
[Black "Petrik, Karol"]
[Result "1-0"]
[WhiteElo "2005"]
[BlackElo "2072"]
[PlyCount "53"]
[EventDate "2014.??.??"]

1. Nc3 Nf6 2. e4 c5 3. Nf3 Nc6 4. d4 cxd4 5. Nxd4 g6 6. Be3 d6 7. Be2 Bg7 8.
Qd2 O-O 9. O-O-O Bd7 10. f3 Qa5 11. Kb1 Rfe8 12. g4 Rac8 13. h4 Ne5 14. h5 Nc4
15. Bxc4 Rxc4 16. hxg6 hxg6 17. Nb3 Qe5 18. Bf4 Qe6 19. Nd5 Rec8 20. Nd4 Rxd4
21. Qxd4 Nxg4 22. Qd2 Ne5 23. Qh2 Ba4 24. b3 Nc4 25. bxc4 Rxc4 26. Qh7+ Kf8 27.
Rh2 1-0

[Event "SR 2. liga A 2014/2015"]
[Site "?"]
[Date "2014.10.12"]
[Round "2.3"]
[White "Polacik, Igor"]
[Black "Macko, Miroslav"]
[Result "1-0"]
[WhiteElo "2173"]
[BlackElo "2010"]
[PlyCount "99"]
[EventDate "2014.??.??"]

1. d4 Nf6 2. Nf3 c5 3. c4 cxd4 4. Nxd4 g6 5. Nc3 Bg7 6. e4 d6 7. Be2 O-O 8. O-O
Nc6 9. Be3 Bd7 10. Qd2 a6 11. f3 Rc8 12. Rfd1 Nxd4 13. Bxd4 Qa5 14. Nd5 Qxd2
15. Nxe7+ Kh8 16. Rxd2 Rce8 17. Nd5 Nxd5 18. Bxg7+ Kxg7 19. exd5 g5 20. Bd3 h6
21. Kf2 f5 22. b4 Kf6 23. Rc1 Re5 24. g3 f4 25. gxf4 gxf4 26. Rg1 Rg5 27. Rdd1
Rfg8 28. Rxg5 hxg5 29. c5 dxc5 30. bxc5 Rh8 31. Kg2 Rc8 32. Rc1 Ke5 33. Be4 Be8
34. c6 bxc6 35. dxc6 Kd6 36. Rc3 Bf7 37. Rd3+ Ke5 38. a3 Be6 39. Rd2 Rc7 40.
Rb2 Bc8 41. Rd2 Be6 42. Rd8 Rc8 43. Rd1 Rc7 44. Rb1 Bc8 45. Rb4 Kf6 46. Rb7 Re7
47. Rb8 Rc7 48. Kf2 Ke5 49. Ke2 Kd4 50. Rb7 1-0

[Event "SR 2. liga A 2014/2015"]
[Site "?"]
[Date "2014.10.12"]
[Round "2.3"]
[White "Vrtiakova, Anna"]
[Black "Krajnak, Robert"]
[Result "0-1"]
[WhiteElo "1966"]
[BlackElo "2103"]
[PlyCount "48"]
[EventDate "2014.??.??"]

1. e4 c5 2. Nf3 e6 3. d4 cxd4 4. Nxd4 Nc6 5. Be3 Nf6 6. Nc3 Bb4 7. Bd3 d5 8.
Nxc6 bxc6 9. exd5 exd5 10. Bd2 O-O 11. O-O Bg4 12. Ne2 Bd6 13. Bg5 Rb8 14. Qd2
Rxb2 15. Qc3 Rb6 16. Qa5 Qe7 17. Bxf6 Qxf6 18. Rab1 Bxe2 19. Bxe2 Qe5 20. g3
Rxb1 21. Rxb1 Qxe2 22. Qxa7 Qxc2 23. Rf1 h5 24. a4 h4 0-1

[Event "SR 2. liga A 2014/2015"]
[Site "?"]
[Date "2014.10.12"]
[Round "2.3"]
[White "Nemsak, Denis"]
[Black "Suchansky, Jakub"]
[Result "1/2-1/2"]
[WhiteElo "1957"]
[BlackElo "1910"]
[PlyCount "76"]
[EventDate "2014.??.??"]

1. f4 d5 2. g3 c5 3. Nf3 Nc6 4. Bg2 Nf6 5. O-O g6 6. d3 Bg7 7. Qe1 d4 8. Na3
O-O 9. Bd2 Qc7 10. c4 Nd7 11. Nc2 e5 12. fxe5 Ndxe5 13. Nxe5 Bxe5 14. b4 cxb4
15. Nxb4 Nxb4 16. Bxb4 Re8 17. Qf2 f5 18. Rab1 Bd7 19. e3 dxe3 20. Qxe3 Bc6 21.
Bxc6 Qxc6 22. Qf3 Bd4+ 23. Kh1 Qxf3+ 24. Rxf3 Re2 25. Re1 Rae8 26. Rff1 Kf7 27.
Rxe2 Rxe2 28. Re1 Rxe1+ 29. Bxe1 Ke6 30. Kg2 g5 31. h3 Ke5 32. Kf3 a6 33. g4 f4
34. a4 b6 35. h4 h6 36. hxg5 hxg5 37. Bb4 Bc5 38. Bc3+ Bd4 1/2-1/2

[Event "SR 2. liga A 2014/2015"]
[Site "?"]
[Date "2014.10.12"]
[Round "2.3"]
[White "Macko, Peter"]
[Black "Goga, Frantisek"]
[Result "1/2-1/2"]
[WhiteElo "1900"]
[BlackElo "1909"]
[PlyCount "100"]
[EventDate "2014.??.??"]

1. e4 c5 2. b3 e5 3. Bb2 Nc6 4. f4 d6 5. Nf3 Bg4 6. fxe5 dxe5 7. Bb5 Qb6 8.
Bxc6+ Qxc6 9. d3 Bd6 10. h3 Bxf3 11. Qxf3 Ne7 12. O-O O-O 13. Nc3 f5 14. exf5
Qxf3 15. Rxf3 Rxf5 16. Rxf5 Nxf5 17. Ne4 Bc7 18. Re1 b6 19. Nd2 Nd4 20. Bxd4
cxd4 21. Nf3 Rc8 22. Re2 h6 23. Kf2 Kf7 24. Ke1 Kf6 25. Kd1 Bd6 26. Re4 Rc5 27.
a4 a6 28. Re1 Ra5 29. Nd2 Bb4 30. Rf1+ Ke6 31. Nc4 Rc5 32. Nxb6 e4 33. dxe4 Rg5
34. g4 Ke5 35. Rf7 Kxe4 36. Ke2 h5 37. gxh5 Rg2+ 38. Rf2 Rg1 39. Rf7 Rg2+ 40.
Rf2 Rg1 41. Rf7 Rg2+ 42. Kf1 Rxc2 43. Rxg7 Rc1+ 44. Kf2 Rc2+ 45. Kf1 d3 46. Nc4
Rc1+ 47. Kg2 Rc2+ 48. Kf1 Rc1+ 49. Kg2 Rc2+ 50. Kf1 Rc1+ 1/2-1/2

[Event "SR 2. liga A 2014/2015"]
[Site "?"]
[Date "2014.10.12"]
[Round "2.4"]
[White "Cibulka, Vladimir"]
[Black "Smolen, Jan"]
[Result "1/2-1/2"]
[WhiteElo "2207"]
[BlackElo "2453"]
[PlyCount "70"]
[EventDate "2014.??.??"]

1. d4 g6 2. Nf3 Bg7 3. g3 b5 4. Bg2 Bb7 5. O-O d6 6. Re1 Nd7 7. e4 c5 8. c3 Qb6
9. a4 a6 10. axb5 axb5 11. Rxa8+ Bxa8 12. Na3 cxd4 13. Nxd4 b4 14. Qa4 Bb7 15.
Nac2 bxc3 16. bxc3 Ngf6 17. e5 dxe5 18. Bxb7 Qxb7 19. Rxe5 Nd5 20. Re1 Nxc3 21.
Qc4 Nd5 22. Nc6 N7b6 23. Qc5 O-O 24. Nxe7+ Nxe7 25. Qxe7 Qc6 26. Qe4 Qc3 27.
Qe3 Qc7 28. Nd4 Nd5 29. Qd3 Nb4 30. Qe4 Qc3 31. Nf3 Nc2 32. Bd2 Qb2 33. Rf1 Nd4
34. Nxd4 Qxd4 35. Qxd4 Bxd4 1/2-1/2

[Event "SR 2. liga A 2014/2015"]
[Site "?"]
[Date "2014.10.12"]
[Round "2.4"]
[White "Duben, Igor"]
[Black "Takacs, Laszlo"]
[Result "0-1"]
[WhiteElo "2198"]
[BlackElo "2110"]
[PlyCount "128"]
[EventDate "2014.??.??"]

1. d4 Nf6 2. Nf3 g6 3. g3 Bg7 4. Bg2 O-O 5. O-O d6 6. c4 Nbd7 7. Nc3 e5 8. h3
Re8 9. e4 exd4 10. Nxd4 Nc5 11. Re1 a5 12. Rb1 Be6 13. b3 Bd7 14. Kh2 Nh5 15.
Nd5 c6 16. Nc3 f5 17. Nde2 fxe4 18. Qxd6 Nd3 19. Rd1 Bf8 20. Qd4 Bc5 21. Rxd3
Bxd4 22. Rxd4 Qc7 23. Nxe4 Bf5 24. N2c3 Rad8 25. Rxd8 Rxd8 26. Bg5 Rf8 27. Re1
Bxe4 28. Nxe4 Ng7 29. Bf4 Rxf4 30. gxf4 Qxf4+ 31. Kg1 Nf5 32. Nf6+ Kf7 33. Ne4
Kg7 34. Rd1 Nh4 35. Ng3 Nxg2 36. Kxg2 b5 37. cxb5 cxb5 38. Rd7+ Kh6 39. Rd5 Qc1
40. Nf1 Qc6 41. Ne3 a4 42. bxa4 bxa4 43. Kg3 Qc3 44. Rd7 g5 45. Rd4 a3 46. Rc4
Qb2 47. Rc2 Kg6 48. Rc6+ Kf7 49. Rc2 h5 50. Kg2 Qb1 51. Re2 Qe4+ 52. f3 Qd3 53.
Kf2 Qd6 54. Kg2 Qe5 55. Kf2 Qh2+ 56. Ng2 Qxh3 57. Re3 Qh2 58. Rxa3 h4 59. Ra4
Qg3+ 60. Kg1 Qxf3 61. Rd4 h3 62. Rd2 Qg3 63. a4 Kg6 64. a5 hxg2 0-1

[Event "SR 2. liga A 2014/2015"]
[Site "?"]
[Date "2014.10.12"]
[Round "2.4"]
[White "Veselsky, Jozef"]
[Black "Oprea, Erik"]
[Result "0-1"]
[WhiteElo "2133"]
[BlackElo "2163"]
[PlyCount "56"]
[EventDate "2014.??.??"]

1. d4 d6 2. Nf3 c6 3. e4 Nd7 4. Be3 e5 5. Bc4 h6 6. c3 Ngf6 7. Nbd2 Be7 8. h3
Qc7 9. O-O O-O 10. a4 Nxe4 11. Nxe4 d5 12. Bd3 dxe4 13. Bxe4 f5 14. Qb3+ Kh8
15. Bb1 e4 16. Nh2 f4 17. Bc1 Nf6 18. f3 e3 19. Re1 Nh5 20. Nf1 Bh4 21. Re2 Ng3
22. Nxg3 Bxg3 23. Qc2 Bf5 24. Qd1 Qe7 25. b3 Qh4 26. Ba3 Bf2+ 27. Rxf2 Qxf2+
28. Kh2 e2 0-1

[Event "SR 2. liga A 2014/2015"]
[Site "?"]
[Date "2014.10.12"]
[Round "2.4"]
[White "Sosovicka, Matej"]
[Black "Kalmar, Tamas"]
[Result "1/2-1/2"]
[WhiteElo "2155"]
[BlackElo "1966"]
[PlyCount "35"]
[EventDate "2014.??.??"]

1. e4 c6 2. d4 d5 3. Nc3 dxe4 4. Nxe4 Bf5 5. Ng3 Bg6 6. Bc4 e6 7. N1e2 Nf6 8.
O-O Bd6 9. f4 O-O 10. f5 exf5 11. Nxf5 Bxf5 12. Rxf5 Nbd7 13. Bb3 Qc7 14. Bf4
Rae8 15. Bxd6 Qxd6 16. Ng3 Ne4 17. Nxe4 Rxe4 18. c3 1/2-1/2

[Event "SR 2. liga A 2014/2015"]
[Site "?"]
[Date "2014.10.12"]
[Round "2.4"]
[White "Meszaros, Lorant"]
[Black "Szollos, Ondrej"]
[Result "0-1"]
[WhiteElo "2071"]
[BlackElo "1972"]
[PlyCount "84"]
[EventDate "2014.??.??"]

1. d4 Nf6 2. c4 d6 3. Nc3 Bf5 4. Nf3 h6 5. e3 Nbd7 6. Bd3 Bxd3 7. Qxd3 e5 8.
O-O c6 9. b3 Be7 10. a4 O-O 11. Ba3 Re8 12. d5 e4 13. Nxe4 Nxe4 14. Qxe4 Bf6
15. Qg4 Bxa1 16. Rxa1 cxd5 17. cxd5 Ne5 18. Nxe5 Rxe5 19. e4 Qb6 20. Bb2 Rg5
21. Qf3 Re8 22. h4 Rg6 23. Rd1 Qd8 24. Qh3 h5 25. Bd4 Qa5 26. Qd3 a6 27. f3 Qd8
28. Bf2 Qd7 29. Kh2 Rf8 30. Bb6 Qe8 31. g3 f5 32. exf5 Rgf6 33. f4 Rxf5 34. Rd2
R5f7 35. Re2 Re7 36. Rf2 Qf7 37. Ba5 Rfe8 38. Bb4 Re3 39. Qd2 Qg6 40. Rg2 Qg4
41. Qd4 Re2 42. Qg1 Rxg2+ 0-1

[Event "SR 2. liga A 2014/2015"]
[Site "?"]
[Date "2014.10.12"]
[Round "2.4"]
[White "Kucera, Michal"]
[Black "Darazs, Zoltan"]
[Result "0-1"]
[WhiteElo "1934"]
[BlackElo "2128"]
[PlyCount "80"]
[EventDate "2014.??.??"]

1. e4 e5 2. Nf3 Nc6 3. Bb5 a6 4. Ba4 Nf6 5. O-O Be7 6. Re1 b5 7. Bb3 O-O 8. a4
Bb7 9. axb5 axb5 10. Rxa8 Qxa8 11. c3 Na5 12. d3 Nxb3 13. Qxb3 d5 14. Nxe5 dxe4
15. d4 b4 16. c4 c5 17. d5 Bd6 18. f4 Re8 19. Be3 Qa5 20. Qd1 Bc8 21. Nd2 Qc7
22. Nb3 Nd7 23. Nxd7 Bxd7 24. g3 Ba4 25. Bf2 f5 26. Re3 g5 27. Qh5 gxf4 28.
gxf4 Bxf4 29. Re2 Bxh2+ 30. Kh1 Bd6 31. Qg5+ Qg7 32. Qxg7+ Kxg7 33. Nxc5 Bd1
34. Bd4+ Kf7 35. Re1 Bf3+ 36. Kg1 Rc8 37. Ne6 Rxc4 38. Ng5+ Kg6 39. Nxf3 exf3
40. Bf2 Kg5 0-1

[Event "SR 2. liga A 2014/2015"]
[Site "?"]
[Date "2014.10.12"]
[Round "2.4"]
[White "Vegh, Vince"]
[Black "Antala, Jan"]
[Result "1-0"]
[WhiteElo "1919"]
[BlackElo "1915"]
[PlyCount "59"]
[EventDate "2014.??.??"]

1. e4 e6 2. Qe2 c5 3. Nf3 Nc6 4. g3 Qc7 5. Bg2 Nd4 6. Nxd4 cxd4 7. c3 e5 8. O-O
Bc5 9. cxd4 Bxd4 10. Nc3 a6 11. Nd5 Qd8 12. Qg4 Kf8 13. d3 h5 14. Qf3 d6 15. h3
g5 16. Qe2 Be6 17. Nc3 f6 18. Be3 Qd7 19. Kh2 Nh6 20. Nd5 Ng4+ 21. hxg4 hxg4+
22. Kg1 Qh7 23. Rfc1 Bxd5 24. exd5 Qd7 25. Rc2 Kf7 26. Bxd4 exd4 27. Qe6+ Qxe6
28. dxe6+ Kxe6 29. Bxb7 Ra7 30. Rc7 1-0

[Event "SR 2. liga A 2014/2015"]
[Site "?"]
[Date "2014.10.12"]
[Round "2.4"]
[White "Jurcak, Marian"]
[Black "Szitasi, Janos"]
[Result "0-1"]
[WhiteElo "1856"]
[BlackElo "1943"]
[PlyCount "150"]
[EventDate "2014.??.??"]

1. e4 c5 2. Nf3 Nc6 3. Bb5 d6 4. O-O g6 5. d4 cxd4 6. Nxd4 Bd7 7. c4 Bg7 8.
Nxc6 bxc6 9. Ba4 Nf6 10. Nc3 O-O 11. Rb1 Ng4 12. h3 Ne5 13. Qe2 c5 14. Bxd7
Qxd7 15. Rd1 Nc6 16. Be3 Qb7 17. Qd2 Ne5 18. b3 Rfe8 19. Nd5 Nc6 20. f3 a5 21.
Kh1 Nb4 22. Bg1 Nxd5 23. exd5 Qb4 24. Qe2 Ra7 25. Bh2 Rb8 26. Bf4 Bf6 27. Rd3
Qb7 28. Re1 Qd7 29. Bh6 a4 30. Qc2 Rab7 31. Bc1 axb3 32. Rxb3 Rxb3 33. axb3 Qb7
34. Re3 Bd4 35. Rd3 Qb4 36. Bd2 Qa3 37. Bf4 Qa5 38. Qe2 Rb7 39. Bg5 Qa7 40. f4
Kg7 41. Kh2 h6 42. Bh4 f6 43. Qf3 Qa1 44. Rd1 Qb2 45. Re1 Qc2 46. Re2 Qb1 47.
Be1 Kf7 48. Qg4 Qf5 49. Qf3 g5 50. Qh5+ Qg6 51. Qf3 gxf4 52. h4 h5 53. Re4 Qg4
54. Qd3 Be5 55. Rxe5 fxe5 56. Qh7+ Ke8 57. Qh8+ Kd7 58. Qa8 Rc7 59. Ba5 Qxh4+
60. Kg1 Qg4 61. Bxc7 Kxc7 62. Qc6+ Kd8 63. Qa8+ Qc8 64. Qa5+ Ke8 65. Qb5+ Kf7
66. Qa5 Qf5 67. Qc3 e4 68. Qh8 e3 69. Qb2 f3 70. gxf3 Qxf3 71. Qc2 Qg4+ 72. Kh1
e2 73. Qh7+ Ke8 74. Qh8+ Kd7 75. Qc3 Qh4+ 0-1

[Event "SR 2. liga A 2014/2015"]
[Site "?"]
[Date "2014.10.12"]
[Round "2.5"]
[White "Balogh, Tomas"]
[Black "Bury, Rastislav"]
[Result "1-0"]
[WhiteElo "2358"]
[BlackElo "2147"]
[PlyCount "155"]
[EventDate "2014.??.??"]

1. d4 d5 2. c4 c6 3. e3 Nf6 4. Nf3 e6 5. Nbd2 Nbd7 6. b3 b6 7. Bb2 Bb7 8. Bd3
Be7 9. O-O O-O 10. Qe2 c5 11. Rac1 Rc8 12. Rfd1 Re8 13. e4 dxe4 14. Nxe4 Nxe4
15. Bxe4 Bxe4 16. Qxe4 Bf6 17. Qe2 Qe7 18. Ba3 Red8 19. Rd3 Qe8 20. Rcd1 cxd4
21. Nxd4 Nc5 22. Bxc5 Rxc5 23. Nb5 Rxd3 24. Qxd3 a6 25. Nd6 Qe7 26. Qf3 Rc7 27.
Qa8+ Qd8 28. Qxd8+ Bxd8 29. Nxf7 Kxf7 30. Rxd8 b5 31. Rd4 Kf6 32. f4 bxc4 33.
bxc4 e5 34. Rd6+ Kf5 35. fxe5 Kxe5 36. Rxa6 Rxc4 37. h3 Kf5 38. Kh2 Rc3 39. Ra7
Kf6 40. Ra6+ Kf5 41. Ra8 Kg6 42. a4 Ra3 43. Ra6+ Kg5 44. Ra7 Kg6 45. Ra5 Kf6
46. h4 Kg6 47. g3 Kf6 48. h5 h6 49. Kh3 Ra1 50. Kg4 Ra2 51. Rf5+ Ke6 52. Rf4
Ra3 53. Rb4 Kf6 54. Kf4 Ra1 55. Rb6+ Kf7 56. Ra6 Rf1+ 57. Kg4 Ra1 58. a5 Ra2
59. Kf3 Ra4 60. Ke3 Ke7 61. Kf3 Kf7 62. g4 Ra1 63. Kf4 Rf1+ 64. Ke4 Ra1 65. Ke5
Re1+ 66. Kd5 Ra1 67. Kc5 Ra4 68. Kb5 Rxg4 69. Rc6 Rh4 70. Rc5 Rh1 71. a6 g6 72.
a7 Ra1 73. Rc7+ Kf6 74. Rc6+ Kg5 75. Rxg6+ Kxh5 76. Ra6 Rb1+ 77. Kc6 Rc1+ 78.
Kd7 1-0

[Event "SR 2. liga A 2014/2015"]
[Site "?"]
[Date "2014.10.12"]
[Round "2.5"]
[White "Jozefek, Michal"]
[Black "Janko, Michal"]
[Result "0-1"]
[WhiteElo "2064"]
[BlackElo "2280"]
[PlyCount "62"]
[EventDate "2014.??.??"]

1. d4 g6 2. c4 Bg7 3. Nc3 c5 4. d5 Bxc3+ 5. bxc3 f5 6. h4 Nf6 7. h5 Rg8 8. hxg6
hxg6 9. Nf3 Qa5 10. Qb3 d6 11. e3 Nbd7 12. a4 Nb6 13. Qb5+ Qxb5 14. axb5 e6 15.
dxe6 Bxe6 16. Nd2 O-O-O 17. Rxa7 Rh8 18. Rg1 Ng4 19. Be2 Ne5 20. Bb2 Kb8 21.
Ra5 Nexc4 22. Nxc4 Bxc4 23. Ba1 Kc7 24. Bxc4 Nxc4 25. Ra4 Ra8 26. Rxa8 Rxa8 27.
Ke2 Ne5 28. Rb1 Ra2+ 29. Ke1 Nd3+ 30. Kf1 Rxf2+ 31. Kg1 c4 0-1

[Event "SR 2. liga A 2014/2015"]
[Site "?"]
[Date "2014.10.12"]
[Round "2.5"]
[White "Slacky, Stanislav"]
[Black "Jablonicky, Martin"]
[Result "1-0"]
[WhiteElo "2191"]
[BlackElo "1949"]
[PlyCount "39"]
[EventDate "2014.??.??"]

1. d4 Nf6 2. c4 e6 3. Nf3 c5 4. g3 cxd4 5. Nxd4 Qa5+ 6. Nc3 Ne4 7. Qd3 Nxc3 8.
bxc3 Nc6 9. Nb3 Qc7 10. Bf4 Ne5 11. Qd4 Qc6 12. Bxe5 Qxh1 13. Bxg7 Rg8 14. Bxf8
Rxf8 15. Nc5 Qc6 16. Ne4 f5 17. Nd6+ Kd8 18. Rd1 f4 19. g4 b6 20. Qg7 1-0

[Event "SR 2. liga A 2014/2015"]
[Site "?"]
[Date "2014.10.12"]
[Round "2.5"]
[White "Dujava, Daniel"]
[Black "Pericka, Tomas"]
[Result "1/2-1/2"]
[WhiteElo "2078"]
[BlackElo "2010"]
[PlyCount "44"]
[EventDate "2014.??.??"]

1. e4 c5 2. Nf3 Nc6 3. d4 cxd4 4. Nxd4 g6 5. c4 Bg7 6. Nc2 Nf6 7. Nc3 d6 8. Be2
O-O 9. O-O a6 10. Be3 Ne5 11. f3 Bd7 12. Rc1 Rc8 13. Na3 Kh8 14. Qe1 Be6 15. b3
Qa5 16. Nab1 Nfd7 17. Qh4 Bf6 18. Qf2 Nc5 19. Rfd1 Bg7 20. Qh4 Bf6 21. Qf2 Bg7
22. Qh4 Bf6 1/2-1/2

[Event "SR 2. liga A 2014/2015"]
[Site "?"]
[Date "2014.10.12"]
[Round "2.5"]
[White "Slobodnik, Michal"]
[Black "Pytlik, Pavol"]
[Result "1/2-1/2"]
[WhiteElo "1958"]
[BlackElo "2027"]
[PlyCount "65"]
[EventDate "2014.??.??"]

1. e4 e6 2. d4 d5 3. e5 c5 4. c3 Bd7 5. Nf3 Qb6 6. Na3 Nc6 7. Qb3 Qxb3 8. axb3
cxd4 9. Nb5 Kd8 10. Nbxd4 Nxd4 11. Nxd4 f6 12. f4 Ne7 13. Be3 a6 14. Bd3 Nc6
15. Nf3 Be7 16. Bb6+ Ke8 17. b4 Kf7 18. O-O f5 19. b5 axb5 20. Bxb5 h6 21. Be3
Rhc8 22. h3 Ke8 23. Bxc6 bxc6 24. b4 Rxa1 25. Rxa1 c5 26. bxc5 Bxc5 27. Bd4
Bxd4+ 28. cxd4 Rc2 29. Ra8+ Bc8 30. Ra5 Kd8 31. Ra7 Bd7 32. Ra8+ Bc8 33. Ra7
1/2-1/2

[Event "SR 2. liga A 2014/2015"]
[Site "?"]
[Date "2014.10.12"]
[Round "2.5"]
[White "Puchovsky, Ladislav"]
[Black "Ocko, Martin"]
[Result "1/2-1/2"]
[WhiteElo "1949"]
[BlackElo "1857"]
[PlyCount "126"]
[EventDate "2014.??.??"]

1. d4 Nf6 2. c4 e6 3. Nc3 Bb4 4. Bd2 O-O 5. Nf3 d5 6. e3 b6 7. a3 Bxc3 8. Bxc3
Bb7 9. Rc1 Nbd7 10. Bd3 c5 11. O-O Rc8 12. Qe2 Re8 13. Ne5 Nxe5 14. dxe5 dxc4
15. Bxc4 Nd5 16. Bb5 Rf8 17. Rfd1 Qg5 18. f4 Qg6 19. Bd3 Nxc3 20. Rxc3 Be4 21.
Qc2 Bxd3 22. Qxd3 Qxd3 23. Rcxd3 c4 24. Rd7 a5 25. Rb7 c3 26. Rxb6 cxb2 27.
Rxb2 Rc3 28. Kf2 Rxa3 29. Rd7 g6 30. Ra7 a4 31. Rb4 Rc8 32. Rbxa4 Rxa4 33. Rxa4
Rc3 34. Kf3 h5 35. g3 Rc2 36. h3 Rh2 37. Ra6 Rh1 38. Kg2 Rb1 39. g4 hxg4 40.
hxg4 Rb3 41. Kf3 Kg7 42. Rd6 Ra3 43. Rd4 Rb3 44. Ke4 Ra3 45. Rd3 Ra4+ 46. Kf3
Rb4 47. e4 Rb5 48. Kg3 g5 49. Re3 Ra5 50. fxg5 Rxe5 51. Kf4 Rb5 52. Rh3 Rb1 53.
Rh6 Ra1 54. Ke5 Ra5+ 55. Kf4 Rb5 56. Rh3 Rb1 57. Rh6 Ra1 58. Ke5 Ra5+ 59. Kf4
Rb5 60. Rf6 Rb4 61. Kf3 Rb3+ 62. Kf4 Rb4 63. Ke5 Rb5+ 1/2-1/2

[Event "SR 2. liga A 2014/2015"]
[Site "?"]
[Date "2014.10.12"]
[Round "2.5"]
[White "Danada, Ondrej"]
[Black "Prochazka, Jaromir"]
[Result "1-0"]
[WhiteElo "1870"]
[BlackElo "1945"]
[PlyCount "121"]
[EventDate "2014.??.??"]

1. e4 e5 2. Nf3 d6 3. d4 exd4 4. Nxd4 Nf6 5. Nc3 Be7 6. Bc4 O-O 7. O-O c6 8.
Qf3 a5 9. Nf5 Bxf5 10. Qxf5 Qd7 11. Qf3 Na6 12. Bf4 b5 13. Bd3 Nc5 14. Rad1 Qg4
15. Qxg4 Nxg4 16. Be2 Ne5 17. Be3 Rfd8 18. Bxc5 dxc5 19. f4 Ng6 20. g3 Rd4 21.
Bf3 f6 22. Ne2 Rxd1 23. Rxd1 Rd8 24. Rxd8+ Bxd8 25. Kf2 Kf8 26. Ke3 Ke7 27. h4
Bc7 28. h5 Nf8 29. Bg4 Ne6 30. Bxe6 Kxe6 31. b3 g6 32. hxg6 hxg6 33. c4 b4 34.
Ng1 Bb8 35. Nf3 Bc7 36. g4 Bb8 37. g5 Bc7 38. gxf6 Kxf6 39. e5+ Ke6 40. Ke4 Bd8
41. Ne1 Be7 42. Ng2 Bd8 43. Ne3 Bc7 44. Ng4 Bd8 45. Nf2 Be7 46. Nh3 Bd8 47. Ng1
Bc7 48. Ne2 Bd8 49. Kf3 Bc7 50. Kg4 Bd8 51. Ng3 g5 52. Ne4 gxf4 53. Kxf4 Be7
54. Nf2 Bd8 55. Nh3 Bh4 56. Ke4 Bd8 57. Nf4+ Kd7 58. Kf5 Be7 59. Kg6 Bh4 60.
Kf7 Bd8 61. Ng6 1-0

[Event "SR 2. liga A 2014/2015"]
[Site "?"]
[Date "2014.10.12"]
[Round "2.6"]
[White "Janos, Martin"]
[Black "Federic, Jozef"]
[Result "1-0"]
[WhiteElo "2215"]
[BlackElo "2305"]
[PlyCount "117"]
[EventDate "2014.??.??"]

1. d4 d5 2. c4 e6 3. Nf3 Be7 4. Nc3 Nf6 5. Bf4 O-O 6. e3 a6 7. c5 Nc6 8. a3 b5
9. b4 Ne4 10. Qc2 f5 11. h4 Bd7 12. Be2 Be8 13. h5 Bf6 14. g3 Bf7 15. Kf1 Qe7
16. Rd1 Rfd8 17. Kg2 Ra7 18. Be5 Qe8 19. Bxf6 gxf6 20. Nh4 Nxc3 21. Qxc3 Bxh5
22. Bxh5 Qxh5 23. Nf3 Qg6 24. Rh4 Rd7 25. Ne1 Qe8 26. Nd3 Rg7 27. Nf4 Qe7 28.
Qb3 Nd8 29. c6 Nf7 30. a4 Nd6 31. Ra1 Nc8 32. Qc3 Qd6 33. Rh6 Rf7 34. Qc5 Qxc5
35. dxc5 bxa4 36. Nxe6 Ne7 37. Nd4 Kg7 38. Rhh1 f4 39. gxf4 f5 40. Rxa4 Rf6 41.
b5 Ra8 42. Rha1 Rg6+ 43. Kf3 h5 44. Rxa6 Rh8 45. Ra7 h4 46. Rxc7 Kf6 47. Rd7 h3
48. c7 h2 49. Rh1 Rg1 50. Rxh2 Rxh2 51. Rxe7 Rf1 52. Re6+ Kf7 53. Ke2 Rhxf2+
54. Kd3 Rd1+ 55. Kc3 Rc1+ 56. Kb4 Rb2+ 57. Ka3 Rxb5 58. Nxb5 Rxc5 59. Rb6 1-0

[Event "SR 2. liga A 2014/2015"]
[Site "?"]
[Date "2014.10.12"]
[Round "2.6"]
[White "Matejovic, Juraj"]
[Black "Certek, Pavel"]
[Result "1-0"]
[WhiteElo "2203"]
[BlackElo "2267"]
[PlyCount "105"]
[EventDate "2014.??.??"]

1. e4 c5 2. Nf3 Nc6 3. Nc3 g6 4. d4 cxd4 5. Nxd4 Bg7 6. Be3 Nf6 7. Nxc6 bxc6 8.
e5 Ng8 9. Bd4 c5 10. Bxc5 Qc7 11. Bd4 Bxe5 12. f4 Bxd4 13. Qxd4 Nf6 14. g4 Bb7
15. Rg1 O-O 16. O-O-O Rfd8 17. Bg2 Rab8 18. Bxb7 Qxb7 19. b3 d6 20. f5 Rbc8 21.
g5 Nh5 22. Rd3 Ng7 23. fxg6 fxg6 24. Nd5 Rf8 25. Re1 Rf7 26. Kb2 Nf5 27. Qe4
Qd7 28. h4 Kf8 29. h5 Qc6 30. Rc3 Qd7 31. hxg6 hxg6 32. Rh3 Rg7 33. Rh8+ Rg8
34. Rh7 Rg7 35. Rxg7 Kxg7 36. Nxe7 Rf8 37. Nxf5+ Rxf5 38. Qd4+ Kg8 39. Qh4 Qg7+
40. Kb1 Re5 41. Qc4+ Qf7 42. Qxf7+ Kxf7 43. Rxe5 dxe5 44. c4 a5 45. Kc2 Ke6 46.
Kd3 Kf5 47. c5 e4+ 48. Ke3 Ke5 49. a3 Kd5 50. b4 a4 51. Kd2 Kc6 52. Ke2 Kd5 53.
Ke3 1-0

[Event "SR 2. liga A 2014/2015"]
[Site "?"]
[Date "2014.10.12"]
[Round "2.6"]
[White "Janos, Jozef"]
[Black "Mydlarik, Martin"]
[Result "0-1"]
[WhiteElo "2151"]
[BlackElo "2138"]
[PlyCount "106"]
[EventDate "2014.??.??"]

1. d4 Nf6 2. Nf3 c5 3. c4 cxd4 4. Nxd4 g6 5. Nc3 Bg7 6. e4 d6 7. Be2 O-O 8. Be3
Nc6 9. O-O Bd7 10. Rc1 Rc8 11. h3 Nxd4 12. Bxd4 Bc6 13. Qd3 b6 14. b3 Rc7 15.
f4 Qa8 16. Bf3 Re8 17. Nd5 Bxd5 18. cxd5 Rec8 19. Rc4 Rxc4 20. bxc4 Qb7 21. e5
Ne8 22. Bg4 Rc7 23. e6 Bxd4+ 24. Qxd4 f6 25. Bd1 Qa6 26. Bb3 Qa5 27. Kh2 Qc5
28. Qd3 a6 29. f5 g5 30. Qf3 Ng7 31. Rd1 b5 32. cxb5 axb5 33. h4 Qc3 34. Qxc3
Rxc3 35. hxg5 fxg5 36. Rf1 Ne8 37. Rb1 Nf6 38. Bd1 Rc5 39. Be2 Nxd5 40. Bh5 Kg7
41. Bf3 Nc3 42. Rb3 Kf6 43. g4 h5 44. Ra3 hxg4 45. Bxg4 Rc8 46. Kg2 d5 47. Ra7
Rc4 48. Bh5 Ra4 49. Rd7 Rxa2+ 50. Kf3 Ra4 51. Ke3 Re4+ 52. Kd3 b4 53. Rc7 g4
0-1